LEADER 01516nam a2200325 a 4500 001 000000124858 003 CaOOAMICUS 005 20110330123131.0 008 110330s2010 it u000 u ita r 020 $a978-88-348-1419-2 040 $aPUL$bita 082 04$a346.45 245 00$aAbuso del diritto e buona fede nei contratti /$cR. Calvo ... [et al.] ; a cura di Stefano Pagliantini. 260 $aTorino :$bG. Giappichelli,$c©2010. 300 $aXI, 345 p. ;$c23 cm 490 1 $aPrincěpi, regole e sistema. Biblioteca di diritto privato. Sezione miscellanea ;$v2 504 $aBibliografia in nota. 650 4$aDiritto privato$zItalia.$0(OLS)http://pul/subject/1235 650 4$aContratti$zItalia.$0(OLS)http://pul/subject/34565 700 1 $aPagliantini, Stefano.$0(OLS)http://pul/name/77136 700 1 $aCalvo, Roberto,$d1965-$0(OLS)http://pul/name/71610 830 0$aPrincěpi, regole e sistema$pBiblioteca di diritto privato$pSezione miscellanea ;$v2.$0(OLS)http://pul/title/157418 850 $aPUL 852 $aPUL$W1$xSL Diritto e Scienze Sociali 3$y79$m346. 45 PAGST 1$j143776$qDDC 21$B142789$CPULBib$Z2$F142789 $H116302 $82 941 1 $a9 996 $6020$a978-88-348-1419-2$9(OLS)http://pul/number/146807 996 $6082$a346.45$9(OLS)http://pul/classification/372 996 $6245$aAbuso del diritto e buona fede nei contratti$9(OLS)http://pul/title/157417 996 $6260$aTorino :$bG. Giappichelli$9(OLS)http://pul/publisher/49130 LEADER 01222nam a2200313 a 4500 001 000000147325 003 CaOOAMICUS 005 20151112133147.0 008 151112s2015 it u000 u ita r 020 $a978-88-399-0880-3* 032 $aLibriCat 040 $aPUL$bita 041 1 $aita$hger 100 1 $aFumagalli, Aristide,$d1962-$0(OLS)http://pul/name/41540 245 13$aLa questione gender : $buna sfida antropologica /$cAristide Fumagalli. 260 $aBrescia :$bQueriniana,$c2015. 300 $a108 p.$c20 cm. 490 1 $aGiornale di teologia ;$v380 504 $aBibliografia a pič pagina. 650 4$aAntropologia$xStudi.$0(OLS)http://pul/subject/6290 830 0$aGiornale di teologia ;$v380.$0(OLS)http://pul/title/9027 850 $aPUL 852 $aPUL$W1$xSL Religione 3$y85$m200 GDT 1.380$j170275$qDDC 21$B171054$CPULBib$Z2$F171054 $H126463 $82 941 1 $a9 983 0$aGdT. 996 $6020$a978-88-399-0880-3*$9(OLS)http://pul/number/158904 996 $6245$aLa questione gender : $buna sfida antropologica$9(OLS)http://pul/title/185965 996 $6260$aBrescia :$bQueriniana$9(OLS)http://pul/publisher/47906